Loading...
| Science - Other Science | 0 | 5 | 0 | 1 | 50 | 18 | 85.40 | 1 | 1 |
| Science - Physics | 0 | 5 | 1 | 0 | 45 | 56 | 88.20 | 2 | 2 |
| Science - Biology | 0 | 4 | 0 | 2 | 40 | 104 | 118.00 | 1 | 1 |
| Science - Chemistry | 0 | 4 | 1 | 2 | 35 | 99 | 113.50 | 0 | 0 |
| Fine Arts - Classical Music | 0 | 3 | 0 | 1 | 30 | 78 | 96.67 | 0 | 2 |
| Literature - American Literature | 0 | 2 | 0 | 0 | 20 | 129 | 136.00 | 1 | 1 |
| Literature - British Literature | 0 | 2 | 0 | 1 | 20 | 114 | 127.00 | 0 | 0 |
| Literature - World/Other Literature | 0 | 2 | 1 | 0 | 15 | 137 | 137.00 | 0 | 0 |
| Literature - European Literature | 0 | 1 | 0 | 0 | 10 | 123 | 123.00 | 0 | 0 |
| Fine Arts - Other Fine Arts | 0 | 1 | 0 | 0 | 10 | 92 | 92.00 | 0 | 1 |
| History - Other History | 0 | 1 | 0 | 0 | 10 | 72 | 72.00 | 0 | 0 |
| Mythology | 0 | 1 | 1 | 0 | 5 | 98 | 98.00 | 0 | 0 |
| History - European History | 0 | 1 | 1 | 0 | 5 | 123 | 123.00 | 0 | 0 |
| History - American History | 0 | 1 | 1 | 0 | 5 | 100 | 100.00 | 0 | 0 |
| Social Science | 0 | 1 | 1 | 1 | 5 | 112 | 112.00 | 0 | 0 |